| 000 | 00623nam a2200193Ia 4500 | ||
|---|---|---|---|
| 999 |
_c42273 _d42273 |
||
| 001 | 8968 | ||
| 003 | GE_BSU | ||
| 005 | 20221116115144.0 | ||
| 008 | 181216s||||||||xx |||||||||||||| ||und|| | ||
| 020 | _a9781607812401 x | ||
| 040 | _cGE_BSU | ||
| 041 | _aeng | ||
| 080 | _a94(497)''1912-1913''+323.1 W-26 | ||
| 245 |
_aWar and Nationalism: The Balkan Wars, 1912-1913 and their sociopolitical implications / _cEdited M.Hakan Yavuz and Isa Blumi. forew by Edvard J.Erickson |
||
| 264 |
_aSalt Lake City : _bThe university of Utah Press, _c2013. |
||
| 300 | _a884p.24cm. | ||
| 653 | _aWar and nationalism | ||
| 942 |
_cBK _2udc |
||